000 01338naa a2200361 c 4500
001 49391
999 _c49391
_d49391
003 ES-MaCES
005 20170510120931.0
008 170510s2016 cl ||||| t||||||| ||spa d
040 _aES-MaCES
_bspa
_cES-MaCES
_dES-MaCES
245 0 0 _aIntersección entre la clase y el género y su efecto sobre la calidad del empleo en Chile
_cOmar Aguilar, Pablo Pérez, Rubén Ananías, Claudia Mora, Osvaldo Blanco
500 _aResumen
504 _aBibliografía: p. 160-161
650 4 _928292
_amercado de trabajo
650 4 _928299
_aempleo
650 4 _930439
_adivisión del trabajo por sexo
650 4 _928657
_amujeres
650 4 _928413
_atrabajadora
650 4 _927296
_aclase social
650 4 _928327
_acondiciones de trabajo
650 4 _929521
_adiscriminación por razones de sexo
650 4 _927260
_ainvestigación sociológica
650 4 _926864
_aChile
653 1 0 _aMujer
700 1 _938195
_aAguilar, Omar
700 1 _938196
_aPérez Ahumada, Pablo
700 1 _938197
_aAnanías, Rubén
700 1 _938198
_aMora, Claudia
700 1 _938199
_aBlanco, Osvaldo
773 0 _986047
_dSantiago de Chile Naciones Unidas
_o088945
_tRevista de la CEPAL
_w(ES-MaCES)25729
_gn. 120 (dic. 2016) {10247 R. 088945} ;p. 141-161
902 _aART Artículo de revista
942 _2CES
_cAR
_h3.3.